[Event "DVM U20 2022"]
[Site "Münster GER"]
[Date "2022.12.27"]
[Round "1"]
[White "Leonard, Timo"]
[Black "Suvorov, Luca"]
[Result "1-0"]
[Termination "normal"]
[Board "2.2"]
[BlackTitle "FM"]
[WhiteElo "2174"]
[BlackElo "2299"]
[WhiteClock "00:29:27"]
[BlackClock "00:00:38"]
[WhiteTeam "Schachverein Hemer 1932"]
[BlackTeam "Schachgemeinschaft Porz e. V."]
[PlyCount "81"]
[WhiteFideId "16208757"]
[BlackFideId "12977071"]
[EventCountry "GER"]
[EventRounds "7"]
[EventType "team-swiss"]
[EventDate "2022.12.26"]

1. d4 {[%clk 01:30:57]} {[%emt 00:00:02]} Nf6 {[%clk 01:30:53]} {[%emt
00:00:07]} 2. c4 {[%clk 01:31:24]} {[%emt 00:00:04]} g6 {[%clk 01:31:16]}
{[%emt 00:00:07]} 3. Nc3 {[%clk 01:31:51]} {[%emt 00:00:03]} Bg7 {[%clk
01:31:39]} {[%emt 00:00:06]} 4. e4 {[%clk 01:32:19]} {[%emt 00:00:03]} d6
{[%clk 01:31:59]} {[%emt 00:00:10]} 5. Nf3 {[%clk 01:32:41]} {[%emt 00:00:07]}
O-O {[%clk 01:31:55]} {[%emt 00:00:34]} 6. Be2 {[%clk 01:33:00]} {[%emt
00:00:11]} Nbd7 {[%clk 01:31:53]} {[%emt 00:00:32]} 7. O-O {[%clk 01:33:23]}
{[%emt 00:00:07]} e5 {[%clk 01:32:05]} {[%emt 00:00:18]} 8. Be3 {[%clk
01:32:55]} {[%emt 00:00:58]} Qe7 {[%clk 01:31:40]} {[%emt 00:00:55]} 9. Qc2
{[%clk 01:32:34]} {[%emt 00:00:51]} c6 {[%clk 01:31:48]} {[%emt 00:00:23]} 10.
d5 {[%clk 01:30:28]} {[%emt 00:02:36]} c5 {[%clk 01:31:57]} {[%emt 00:00:20]}
11. Ne1 {[%clk 01:28:49]} {[%emt 00:02:09]} h5 {[%clk 01:30:06]} {[%emt
00:02:21]} 12. Bg5 {[%clk 01:21:24]} {[%emt 00:07:56]} a6 {[%clk 01:28:22]}
{[%emt 00:02:14]} 13. Nd3 {[%clk 01:10:01]} {[%emt 00:11:52]} Qe8 {[%clk
01:24:21]} {[%emt 00:04:33]} 14. Qd1 {[%clk 01:05:14]} {[%emt 00:05:16]} Nh7
{[%clk 01:10:28]} {[%emt 00:14:23]} 15. Be3 {[%clk 01:03:04]} {[%emt 00:02:40]}
h4 {[%clk 01:01:26]} {[%emt 00:09:32]} 16. Kh1 {[%clk 00:54:19]} {[%emt
00:09:14]} Qe7 {[%clk 00:47:35]} {[%emt 00:14:22]} 17. Qe1 {[%clk 00:47:05]}
{[%emt 00:07:43]} f5 {[%clk 00:34:10]} {[%emt 00:13:55]} 18. exf5 {[%clk
00:43:51]} {[%emt 00:03:44]} gxf5 {[%clk 00:33:19]} {[%emt 00:01:21]} 19. f4
{[%clk 00:34:55]} {[%emt 00:09:26]} e4 {[%clk 00:28:55]} {[%emt 00:04:54]} 20.
Nf2 {[%clk 00:34:31]} {[%emt 00:00:54]} b5 {[%clk 00:17:28]} {[%emt 00:11:58]}
21. cxb5 {[%clk 00:32:57]} {[%emt 00:02:03]} axb5 {[%clk 00:06:38]} {[%emt
00:11:20]} 22. Bxb5 {[%clk 00:32:23]} {[%emt 00:01:04]} Ba6 {[%clk 00:06:21]}
{[%emt 00:00:48]} 23. a4 {[%clk 00:30:49]} {[%emt 00:02:03]} Nb6 {[%clk
00:03:55]} {[%emt 00:02:57]} 24. Qe2 {[%clk 00:27:43]} {[%emt 00:03:35]} Bxb5
{[%clk 00:01:43]} {[%emt 00:02:42]} 25. axb5 {[%clk 00:25:41]} {[%emt
00:02:32]} Nf6 {[%clk 00:01:41]} {[%emt 00:00:32]} 26. Nh3 {[%clk 00:20:12]}
{[%emt 00:05:59]} Ng4 {[%clk 00:01:18]} {[%emt 00:00:53]} 27. Ng5 {[%clk
00:15:16]} {[%emt 00:05:26]} Bxc3 {[%clk 00:00:40]} {[%emt 00:01:08]} 28. bxc3
{[%clk 00:15:43]} {[%emt 00:00:04]} Nxd5 {[%clk 00:00:54]} {[%emt 00:00:15]}
29. Bd2 {[%clk 00:11:21]} {[%emt 00:04:51]} Ndf6 {[%clk 00:00:39]} {[%emt
00:00:46]} 30. Rxa8 {[%clk 00:04:16]} {[%emt 00:07:35]} Rxa8 {[%clk 00:01:07]}
{[%emt 00:00:03]} 31. Be1 {[%clk 00:02:36]} {[%emt 00:02:09]} Kg7 {[%clk
00:00:45]} {[%emt 00:00:52]} 32. h3 {[%clk 00:02:17]} {[%emt 00:00:49]} Nh6
{[%clk 00:01:08]} {[%emt 00:00:07]} 33. c4 {[%clk 00:02:08]} {[%emt 00:00:40]}
Kg6 {[%clk 00:01:04]} {[%emt 00:00:33]} 34. Bxh4 {[%clk 00:01:59]} {[%emt
00:00:39]} Rh8 {[%clk 00:00:45]} {[%emt 00:00:49]} 35. Qe1 {[%clk 00:01:49]}
{[%emt 00:00:40]} Qd7 {[%clk 00:00:35]} {[%emt 00:00:41]} 36. Rf2 {[%clk
00:01:08]} {[%emt 00:01:10]} d5 {[%clk 00:00:38]} {[%emt 00:00:28]} 37. cxd5
{[%clk 00:01:20]} {[%emt 00:00:18]} Qxb5 {[%clk 00:00:35]} {[%emt 00:00:33]}
38. Ne6 {[%clk 00:01:02]} {[%emt 00:00:47]} Nhg4 {[%clk 00:00:52]} {[%emt
00:00:13]} 39. Ra2 {[%clk 00:00:34]} {[%emt 00:00:58]} Rxh4 {[%clk 00:01:10]}
{[%emt 00:00:12]} 40. Ra7 {[%clk 00:00:34]} {[%emt 00:00:30]} Qd3 {[%clk
00:00:38]} {[%emt 00:01:02]} 41. Rg7 {[%clk 00:29:27]} {[%emt 00:01:37]} 1-0

[Event "DVM U20 2022"]
[Site "Münster GER"]
[Date "2022.12.27"]
[Round "1"]
[White "Gallasch, Jonas"]
[Black "Trinh, Fabian Dat"]
[Result "1/2-1/2"]
[Termination "normal"]
[Board "2.3"]
[WhiteElo "2282"]
[BlackElo "1852"]
[WhiteClock "00:17:27"]
[BlackClock "00:27:24"]
[WhiteTeam "Schachgemeinschaft Porz e. V."]
[BlackTeam "Schachverein Hemer 1932"]
[PlyCount "116"]
[WhiteFideId "16222474"]
[BlackFideId "16243641"]
[EventCountry "GER"]
[EventRounds "7"]
[EventType "team-swiss"]
[EventDate "2022.12.26"]

1. d4 {[%clk 01:30:35]} {[%emt 00:00:24]} d5 {[%clk 01:30:53]} {[%emt
00:00:07]} 2. Nf3 {[%clk 01:30:53]} {[%emt 00:00:12]} Nf6 {[%clk 01:30:59]}
{[%emt 00:00:24]} 3. c4 {[%clk 01:31:17]} {[%emt 00:00:06]} e6 {[%clk
01:27:06]} {[%emt 00:04:24]} 4. e3 {[%clk 01:31:40]} {[%emt 00:00:07]} Be7
{[%clk 01:26:29]} {[%emt 00:01:07]} 5. b3 {[%clk 01:32:02]} {[%emt 00:00:08]}
O-O {[%clk 01:25:06]} {[%emt 00:01:53]} 6. Bd3 {[%clk 01:32:26]} {[%emt
00:00:05]} b6 {[%clk 01:22:15]} {[%emt 00:03:21]} 7. O-O {[%clk 01:32:27]}
{[%emt 00:00:29]} Bb7 {[%clk 01:22:02]} {[%emt 00:00:43]} 8. Bb2 {[%clk
01:32:51]} {[%emt 00:00:06]} Nbd7 {[%clk 01:21:39]} {[%emt 00:00:54]} 9. Nc3
{[%clk 01:33:13]} {[%emt 00:00:07]} c5 {[%clk 01:20:21]} {[%emt 00:01:48]} 10.
cxd5 {[%clk 01:33:12]} {[%emt 00:00:32]} Nxd5 {[%clk 01:17:44]} {[%emt
00:03:07]} 11. Nxd5 {[%clk 01:30:33]} {[%emt 00:03:09]} Bxd5 {[%clk 01:15:23]}
{[%emt 00:02:50]} 12. Qe2 {[%clk 01:27:43]} {[%emt 00:03:20]} cxd4 {[%clk
01:06:08]} {[%emt 00:09:45]} 13. Bxd4 {[%clk 01:26:00]} {[%emt 00:02:13]} Bf6
{[%clk 01:04:58]} {[%emt 00:01:41]} 14. e4 {[%clk 01:18:20]} {[%emt 00:08:09]}
Bxd4 {[%clk 01:00:24]} {[%emt 00:05:04]} 15. Nxd4 {[%clk 01:18:43]} {[%emt
00:00:08]} Bb7 {[%clk 01:00:40]} {[%emt 00:00:13]} 16. Rfd1 {[%clk 01:16:04]}
{[%emt 00:03:09]} Qe7 {[%clk 00:57:25]} {[%emt 00:03:45]} 17. Rac1 {[%clk
00:57:14]} {[%emt 00:19:20]} Rac8 {[%clk 00:50:37]} {[%emt 00:07:18]} 18. Qe3
{[%clk 00:51:41]} {[%emt 00:06:03]} Rfd8 {[%clk 00:42:51]} {[%emt 00:08:16]}
19. e5 {[%clk 00:47:16]} {[%emt 00:04:56]} Rxc1 {[%clk 00:33:45]} {[%emt
00:09:35]} 20. Rxc1 {[%clk 00:47:39]} {[%emt 00:00:07]} Nc5 {[%clk 00:33:56]}
{[%emt 00:00:19]} 21. Bc4 {[%clk 00:36:41]} {[%emt 00:11:28]} Qd7 {[%clk
00:22:45]} {[%emt 00:11:42]} 22. Nb5 {[%clk 00:32:01]} {[%emt 00:05:09]} Ba6
{[%clk 00:21:01]} {[%emt 00:02:14]} 23. Nd6 {[%clk 00:29:07]} {[%emt 00:03:23]}
Bxc4 {[%clk 00:20:31]} {[%emt 00:01:01]} 24. Rxc4 {[%clk 00:27:43]} {[%emt
00:01:55]} Nb7 {[%clk 00:20:24]} {[%emt 00:00:36]} 25. Rd4 {[%clk 00:26:06]}
{[%emt 00:02:07]} Qc6 {[%clk 00:15:32]} {[%emt 00:05:22]} 26. h4 {[%clk
00:21:59]} {[%emt 00:04:37]} Nxd6 {[%clk 00:13:00]} {[%emt 00:03:01]} 27. exd6
{[%clk 00:22:19]} {[%emt 00:00:11]} h6 {[%clk 00:11:22]} {[%emt 00:02:09]} 28.
Qe5 {[%clk 00:13:38]} {[%emt 00:09:09]} Qc5 {[%clk 00:08:51]} {[%emt 00:03:02]}
29. Qxc5 {[%clk 00:13:50]} {[%emt 00:00:18]} bxc5 {[%clk 00:09:16]} {[%emt
00:00:06]} 30. Ra4 {[%clk 00:14:16]} {[%emt 00:00:03]} Rxd6 {[%clk 00:05:53]}
{[%emt 00:03:53]} 31. Rxa7 {[%clk 00:14:40]} {[%emt 00:00:06]} Rc6 {[%clk
00:06:11]} {[%emt 00:00:12]} 32. Ra4 {[%clk 00:09:10]} {[%emt 00:06:00]} Kf8
{[%clk 00:04:09]} {[%emt 00:02:32]} 33. Kf1 {[%clk 00:05:12]} {[%emt 00:04:28]}
Ke7 {[%clk 00:04:20]} {[%emt 00:00:18]} 34. Ke2 {[%clk 00:05:38]} {[%emt
00:00:05]} Rc7 {[%clk 00:01:43]} {[%emt 00:03:07]} 35. Rc4 {[%clk 00:03:41]}
{[%emt 00:02:27]} Ra7 {[%clk 00:01:16]} {[%emt 00:00:56]} 36. Rxc5 {[%clk
00:03:03]} {[%emt 00:01:09]} Rxa2 {[%clk 00:01:41]} {[%emt 00:00:05]} 37. Ke3
{[%clk 00:03:26]} {[%emt 00:00:07]} Rb2 {[%clk 00:01:40]} {[%emt 00:00:31]} 38.
Rc7 {[%clk 00:03:38]} {[%emt 00:00:17]} Kf6 {[%clk 00:01:44]} {[%emt 00:00:26]}
39. Rb7 {[%clk 00:04:02]} {[%emt 00:00:07]} g6 {[%clk 00:01:35]} {[%emt
00:00:39]} 40. b4 {[%clk 00:03:15]} {[%emt 00:01:16]} Ke5 {[%clk 00:01:15]}
{[%emt 00:00:50]} 41. Rb5 {[%clk 00:27:32]} {[%emt 00:06:14]} Kf6 {[%clk
00:31:35]} {[%emt 00:00:09]} 42. g3 {[%clk 00:27:24]} {[%emt 00:00:38]} g5
{[%clk 00:30:50]} {[%emt 00:01:16]} 43. h5 {[%clk 00:25:02]} {[%emt 00:02:52]}
Rb1 {[%clk 00:30:18]} {[%emt 00:01:02]} 44. Rb7 {[%clk 00:24:38]} {[%emt
00:00:53]} Rh1 {[%clk 00:29:38]} {[%emt 00:01:12]} 45. g4 {[%clk 00:24:38]}
{[%emt 00:00:29]} Rb1 {[%clk 00:29:21]} {[%emt 00:00:47]} 46. b5 {[%clk
00:16:04]} {[%emt 00:09:05]} Rb3 {[%clk 00:28:03]} {[%emt 00:01:46]} 47. Ke2
{[%clk 00:16:19]} {[%emt 00:00:16]} Rb2 {[%clk 00:28:08]} {[%emt 00:00:24]} 48.
Kf3 {[%clk 00:16:43]} {[%emt 00:00:06]} Rb3 {[%clk 00:27:52]} {[%emt 00:00:47]}
49. Kg2 {[%clk 00:16:59]} {[%emt 00:00:14]} Rb4 {[%clk 00:27:40]} {[%emt
00:00:42]} 50. Kg3 {[%clk 00:16:51]} {[%emt 00:00:38]} Rb3 {[%clk 00:28:04]}
{[%emt 00:00:05]} 51. Kg2 {[%clk 00:17:16]} {[%emt 00:00:05]} Rb4 {[%clk
00:28:29]} {[%emt 00:00:05]} 52. Kg3 {[%clk 00:16:14]} {[%emt 00:01:34]} Rb3
{[%clk 00:28:50]} {[%emt 00:00:08]} 53. f3 {[%clk 00:16:22]} {[%emt 00:00:22]}
Rb2 {[%clk 00:29:07]} {[%emt 00:00:12]} 54. b6 {[%clk 00:16:14]} {[%emt
00:00:38]} Kg7 {[%clk 00:28:07]} {[%emt 00:01:30]} 55. Kh3 {[%clk 00:16:13]}
{[%emt 00:00:31]} Kf6 {[%clk 00:26:35]} {[%emt 00:02:03]} 56. Kg3 {[%clk
00:16:37]} {[%emt 00:00:06]} Kg7 {[%clk 00:26:58]} {[%emt 00:00:07]} 57. Kh3
{[%clk 00:17:04]} {[%emt 00:00:03]} Kf6 {[%clk 00:27:24]} {[%emt 00:00:04]} 58.
Kg3 {[%clk 00:17:27]} {[%emt 00:00:07]} Kg7 {[%emt 00:00:21]} 1/2-1/2

[Event "DVM U20 2022"]
[Site "Münster GER"]
[Date "2022.12.27"]
[Round "1"]
[White "Naumenko, Valerija"]
[Black "Mohammadi Nia, Borna"]
[Result "0-1"]
[Termination "normal"]
[Board "2.4"]
[WhiteElo "1788"]
[BlackElo "2139"]
[WhiteClock "00:11:01"]
[BlackClock "01:00:59"]
[WhiteTeam "Schachverein Hemer 1932"]
[BlackTeam "Schachgemeinschaft Porz e. V."]
[PlyCount "46"]
[WhiteFideId "16222890"]
[BlackFideId "16207319"]
[EventCountry "GER"]
[EventRounds "7"]
[EventType "team-swiss"]
[EventDate "2022.12.26"]

1. e4 {[%clk 01:30:59]} {[%emt 00:00:01]} e6 {[%clk 01:30:55]} {[%emt
00:00:05]} 2. d4 {[%clk 01:31:24]} {[%emt 00:00:05]} d5 {[%clk 01:31:21]}
{[%emt 00:00:03]} 3. Nc3 {[%clk 01:31:51]} {[%emt 00:00:05]} Nf6 {[%clk
01:31:48]} {[%emt 00:00:03]} 4. exd5 {[%clk 01:32:13]} {[%emt 00:00:07]} Nxd5
{[%clk 01:32:00]} {[%emt 00:00:17]} 5. Nxd5 {[%clk 01:30:26]} {[%emt 00:02:17]}
exd5 {[%clk 01:31:23]} {[%emt 00:01:08]} 6. Bf4 {[%clk 01:26:21]} {[%emt
00:04:35]} Bd6 {[%clk 01:30:23]} {[%emt 00:01:30]} 7. Bxd6 {[%clk 01:20:27]}
{[%emt 00:06:24]} Qxd6 {[%clk 01:30:46]} {[%emt 00:00:07]} 8. Qd2 {[%clk
01:20:44]} {[%emt 00:00:13]} Nc6 {[%clk 01:28:30]} {[%emt 00:02:46]} 9. O-O-O
{[%clk 01:13:31]} {[%emt 00:07:43]} Be6 {[%clk 01:27:17]} {[%emt 00:01:42]} 10.
Qg5 {[%clk 01:01:15]} {[%emt 00:12:47]} O-O {[%clk 01:25:08]} {[%emt 00:02:38]}
11. f4 {[%clk 01:00:23]} {[%emt 00:01:22]} h6 {[%clk 01:24:07]} {[%emt
00:01:32]} 12. Qg3 {[%clk 01:00:11]} {[%emt 00:00:41]} Bf5 {[%clk 01:23:41]}
{[%emt 00:00:56]} 13. a3 {[%clk 00:50:26]} {[%emt 00:10:16]} Rfe8 {[%clk
01:22:22]} {[%emt 00:01:49]} 14. Qf2 {[%clk 00:42:14]} {[%emt 00:08:42]} Na5
{[%clk 01:20:31]} {[%emt 00:02:21]} 15. Bd3 {[%clk 00:38:16]} {[%emt 00:04:27]}
Bxd3 {[%clk 01:12:57]} {[%emt 00:08:04]} 16. Rxd3 {[%clk 00:37:14]} {[%emt
00:01:32]} Re4 {[%clk 01:13:18]} {[%emt 00:00:09]} 17. Nh3 {[%clk 00:29:18]}
{[%emt 00:08:26]} Rae8 {[%clk 01:13:18]} {[%emt 00:00:30]} 18. Rhd1 {[%clk
00:23:16]} {[%emt 00:06:32]} Nc4 {[%clk 01:09:26]} {[%emt 00:04:22]} 19. g4
{[%clk 00:16:02]} {[%emt 00:07:44]} Re2 {[%clk 01:08:10]} {[%emt 00:01:47]} 20.
Qg3 {[%clk 00:15:11]} {[%emt 00:01:20]} R8e3 {[%clk 01:00:27]} {[%emt
00:08:13]} 21. Rxe3 {[%clk 00:13:45]} {[%emt 00:01:56]} Rxe3 {[%clk 01:00:51]}
{[%emt 00:00:05]} 22. Qh4 {[%clk 00:11:37]} {[%emt 00:02:39]} Rxa3 {[%clk
01:01:05]} {[%emt 00:00:17]} 23. Kb1 {[%clk 00:11:01]} {[%emt 00:01:06]} Qb4
{[%clk 01:00:59]} {[%emt 00:00:35]} 0-1

[Event "DVM U20 2022"]
[Site "Münster GER"]
[Date "2022.12.27"]
[Round "1"]
[White "Gallasch, Robin"]
[Black "Poggemann, Alexander"]
[Result "1-0"]
[Termination "normal"]
[Board "2.5"]
[WhiteElo "2035"]
[BlackElo "1717"]
[WhiteClock "00:34:29"]
[BlackClock "00:00:50"]
[WhiteTeam "Schachgemeinschaft Porz e. V."]
[BlackTeam "Schachverein Hemer 1932"]
[PlyCount "53"]
[WhiteFideId "16222423"]
[BlackFideId "16224167"]
[EventCountry "GER"]
[EventRounds "7"]
[EventType "team-swiss"]
[EventDate "2022.12.26"]

1. d4 {[%clk 01:30:51]} {[%emt 00:00:09]} Nf6 {[%clk 01:30:46]} {[%emt
00:00:14]} 2. c4 {[%clk 01:30:59]} {[%emt 00:00:21]} g6 {[%clk 01:31:04]}
{[%emt 00:00:13]} 3. Nc3 {[%clk 01:31:16]} {[%emt 00:00:14]} d5 {[%clk
01:31:13]} {[%emt 00:00:21]} 4. Nf3 {[%clk 01:31:14]} {[%emt 00:00:31]} Bg7
{[%clk 01:31:19]} {[%emt 00:00:23]} 5. Bg5 {[%clk 01:30:58]} {[%emt 00:00:47]}
Ne4 {[%clk 01:28:44]} {[%emt 00:03:06]} 6. cxd5 {[%clk 01:30:57]} {[%emt
00:00:31]} Nxc3 {[%clk 01:27:05]} {[%emt 00:02:08]} 7. bxc3 {[%clk 01:31:20]}
{[%emt 00:00:07]} Qxd5 {[%clk 01:27:17]} {[%emt 00:00:19]} 8. e3 {[%clk
01:30:58]} {[%emt 00:00:51]} Bg4 {[%clk 01:22:26]} {[%emt 00:05:22]} 9. Be2
{[%clk 01:30:36]} {[%emt 00:00:52]} Nc6 {[%clk 01:13:27]} {[%emt 00:09:28]} 10.
Bh4 {[%clk 01:25:44]} {[%emt 00:05:22]} O-O {[%clk 01:09:27]} {[%emt 00:04:30]}
11. O-O {[%clk 01:24:51]} {[%emt 00:01:23]} Rfe8 {[%clk 01:08:03]} {[%emt
00:01:54]} 12. h3 {[%clk 01:18:36]} {[%emt 00:06:46]} Bf5 {[%clk 01:04:02]}
{[%emt 00:04:31]} 13. Qb3 {[%clk 01:04:58]} {[%emt 00:14:07]} Qxb3 {[%clk
00:39:27]} {[%emt 00:25:04]} 14. axb3 {[%clk 01:05:21]} {[%emt 00:00:08]} e5
{[%clk 00:38:27]} {[%emt 00:01:30]} 15. Bb5 {[%clk 00:57:01]} {[%emt 00:08:50]}
Bd7 {[%clk 00:09:39]} {[%emt 00:29:18]} 16. Bg3 {[%clk 00:52:45]} {[%emt
00:04:47]} exd4 {[%clk 00:04:25]} {[%emt 00:05:43]} 17. cxd4 {[%clk 00:51:42]}
{[%emt 00:01:33]} Rec8 {[%clk 00:03:37]} {[%emt 00:01:18]} 18. Rfc1 {[%clk
00:43:25]} {[%emt 00:08:47]} a6 {[%clk 00:03:33]} {[%emt 00:00:35]} 19. Bc4
{[%clk 00:42:57]} {[%emt 00:00:58]} Rab8 {[%clk 00:02:43]} {[%emt 00:01:20]}
20. Ng5 {[%clk 00:42:13]} {[%emt 00:01:13]} Be8 {[%clk 00:02:25]} {[%emt
00:00:48]} 21. Ne4 {[%clk 00:42:00]} {[%emt 00:00:44]} b5 {[%clk 00:02:02]}
{[%emt 00:00:53]} 22. Be2 {[%clk 00:41:19]} {[%emt 00:01:09]} a5 {[%clk
00:01:42]} {[%emt 00:00:50]} 23. Nc5 {[%clk 00:40:46]} {[%emt 00:01:04]} h5
{[%clk 00:00:34]} {[%emt 00:01:39]} 24. Na6 {[%clk 00:38:47]} {[%emt 00:02:28]}
Rb7 {[%clk 00:00:36]} {[%emt 00:00:27]} 25. Bf3 {[%clk 00:33:58]} {[%emt
00:05:19]} Ra7 {[%clk 00:00:33]} {[%emt 00:00:34]} 26. Bxc6 {[%clk 00:34:08]}
{[%emt 00:00:19]} Rxa6 {[%clk 00:00:50]} {[%emt 00:00:13]} 27. Bb7 {[%clk
00:34:29]} {[%emt 00:00:09]} 1-0

[Event "DVM U20 2022"]
[Site "Münster GER"]
[Date "2022.12.27"]
[Round "1"]
[White "Trinh, Felix Toan"]
[Black "Sabirov, Rafael"]
[Result "0-1"]
[Termination "normal"]
[Board "2.6"]
[WhiteElo "1594"]
[BlackElo "1991"]
[WhiteClock "00:00:53"]
[BlackClock "00:10:30"]
[WhiteTeam "Schachverein Hemer 1932"]
[BlackTeam "Schachgemeinschaft Porz e. V."]
[PlyCount "78"]
[WhiteFideId "34640134"]
[BlackFideId "16241185"]
[EventCountry "GER"]
[EventRounds "7"]
[EventType "team-swiss"]
[EventDate "2022.12.26"]

1. d4 {[%clk 01:30:56]} {[%emt 00:00:04]} Nf6 {[%clk 01:30:55]} {[%emt
00:00:05]} 2. Bf4 {[%clk 01:30:57]} {[%emt 00:00:29]} c5 {[%clk 01:31:21]}
{[%emt 00:00:05]} 3. e3 {[%clk 01:30:53]} {[%emt 00:00:33]} Nd5 {[%clk
01:31:45]} {[%emt 00:00:06]} 4. Bg3 {[%clk 01:29:57]} {[%emt 00:01:27]} Qb6
{[%clk 01:32:09]} {[%emt 00:00:06]} 5. b3 {[%clk 01:25:32]} {[%emt 00:04:54]}
cxd4 {[%clk 01:32:02]} {[%emt 00:00:37]} 6. Qxd4 {[%clk 01:23:27]} {[%emt
00:02:36]} Nb4 {[%clk 01:24:32]} {[%emt 00:07:59]} 7. Qc3 {[%clk 01:06:41]}
{[%emt 00:17:16]} N8c6 {[%clk 01:23:12]} {[%emt 00:01:49]} 8. Nf3 {[%clk
01:04:30]} {[%emt 00:02:43]} e6 {[%clk 01:10:16]} {[%emt 00:13:25]} 9. Be2
{[%clk 00:55:46]} {[%emt 00:09:14]} Nxa2 {[%clk 01:02:24]} {[%emt 00:08:22]}
10. Qb2 {[%clk 00:50:24]} {[%emt 00:05:51]} Nab4 {[%clk 01:02:19]} {[%emt
00:00:36]} 11. O-O {[%clk 00:50:37]} {[%emt 00:00:17]} Nd5 {[%clk 00:56:31]}
{[%emt 00:06:17]} 12. c3 {[%clk 00:46:59]} {[%emt 00:04:10]} Nf6 {[%clk
00:50:28]} {[%emt 00:06:33]} 13. Nbd2 {[%clk 00:41:57]} {[%emt 00:05:31]} d5
{[%clk 00:50:38]} {[%emt 00:00:20]} 14. c4 {[%clk 00:40:06]} {[%emt 00:02:22]}
Be7 {[%clk 00:48:53]} {[%emt 00:02:15]} 15. Ne5 {[%clk 00:38:53]} {[%emt
00:01:42]} O-O {[%clk 00:47:34]} {[%emt 00:01:48]} 16. Rfd1 {[%clk 00:35:54]}
{[%emt 00:03:29]} Rd8 {[%clk 00:37:15]} {[%emt 00:10:50]} 17. h3 {[%clk
00:28:36]} {[%emt 00:07:48]} Nd7 {[%clk 00:34:42]} {[%emt 00:03:03]} 18. Nxd7
{[%clk 00:26:34]} {[%emt 00:02:32]} Rxd7 {[%clk 00:32:13]} {[%emt 00:03:00]}
19. Qc2 {[%clk 00:25:55]} {[%emt 00:01:08]} d4 {[%clk 00:29:29]} {[%emt
00:03:13]} 20. exd4 {[%clk 00:19:24]} {[%emt 00:07:02]} Nxd4 {[%clk 00:29:48]}
{[%emt 00:00:11]} 21. Qe4 {[%clk 00:18:58]} {[%emt 00:00:56]} Qd8 {[%clk
00:23:33]} {[%emt 00:06:45]} 22. Bd3 {[%clk 00:12:56]} {[%emt 00:06:32]} g6
{[%clk 00:20:59]} {[%emt 00:03:04]} 23. Rab1 {[%clk 00:09:58]} {[%emt
00:03:28]} Nf5 {[%clk 00:21:04]} {[%emt 00:00:25]} 24. Nf3 {[%clk 00:09:19]}
{[%emt 00:01:09]} Nxg3 {[%clk 00:20:59]} {[%emt 00:00:36]} 25. fxg3 {[%clk
00:09:43]} {[%emt 00:00:06]} Bf6 {[%clk 00:18:03]} {[%emt 00:03:26]} 26. h4
{[%clk 00:08:44]} {[%emt 00:01:29]} Rb8 {[%clk 00:17:09]} {[%emt 00:01:23]} 27.
Bc2 {[%clk 00:07:07]} {[%emt 00:02:07]} Qc7 {[%clk 00:16:52]} {[%emt 00:00:47]}
28. Kh2 {[%clk 00:06:49]} {[%emt 00:00:48]} b6 {[%clk 00:16:17]} {[%emt
00:01:05]} 29. Rxd7 {[%clk 00:05:35]} {[%emt 00:01:44]} Bxd7 {[%clk 00:16:38]}
{[%emt 00:00:10]} 30. h5 {[%clk 00:04:44]} {[%emt 00:01:20]} Bc6 {[%clk
00:15:51]} {[%emt 00:01:17]} 31. Qg4 {[%clk 00:04:31]} {[%emt 00:00:43]} Rd8
{[%clk 00:14:19]} {[%emt 00:02:02]} 32. Rf1 {[%clk 00:03:21]} {[%emt 00:01:39]}
Kg7 {[%clk 00:12:06]} {[%emt 00:02:44]} 33. hxg6 {[%clk 00:01:13]} {[%emt
00:02:38]} hxg6 {[%clk 00:12:22]} {[%emt 00:00:15]} 34. Ng5 {[%clk 00:00:58]}
{[%emt 00:00:44]} Rh8 {[%clk 00:10:51]} {[%emt 00:02:01]} 35. Kg1 {[%clk
00:01:04]} {[%emt 00:00:24]} Qe5 {[%clk 00:10:49]} {[%emt 00:00:32]} 36. Nf3
{[%clk 00:00:32]} {[%emt 00:01:02]} Qe3 {[%clk 00:10:28]} {[%emt 00:00:50]} 37.
Rf2 {[%clk 00:00:55]} {[%emt 00:00:08]} Qc1 {[%clk 00:10:11]} {[%emt 00:00:46]}
38. Rf1 {[%clk 00:01:14]} {[%emt 00:00:12]} Qxc2 {[%clk 00:10:04]} {[%emt
00:00:36]} 39. Nd4 {[%clk 00:00:53]} {[%emt 00:00:52]} Qxg2# {[%clk 00:10:30]}
{[%emt 00:00:04]} 0-1